Statystyki dla Pięć państw o najkrótszej linii brzegowej według kontynentów

Kliknij tutaj aby rozwiązać quiz!

Ogólne statystyki

  • Ten quiz został rozwiązany 10 706 razy
  • Średni wynik to 13 z 30

Statystyki odpowiedzi

PaństwoDługość linii
brzegowej (w km)
% Poprawnych
Monako4
79%
Bośnia i
Hercegowina
20
74%
Litwa90
66%
Gujana459
59%
Słowenia46
58%
Ekwador2,237
57%
Surinam386
57%
Urugwaj660
57%
Belgia66
50%
Nauru30
50%
Peru2,414
50%
Syria | Singapur193
47%
Tuvalu24
45%
Fidżi1,130
43%
Gambia80
40%
Bahrajn161
39%
Samoa403
38%
Togo56
38%
Tonga419
38%
Brunei161
33%
Benin121
32%
Dominika148
32%
Saint Kitts
i Nevis
135
32%
Saint Vincent
i Grenadyny
84
31%
Barbados97
30%
Grenada121
29%
Demokratyczna
Republika Konga
37
24%
Jordania26
19%
Irak58
18%
Mauritius177
16%

Rozkład punktacji

Percentyl według liczby udzielonych odpowiedzi

Procent ludzi z każdym wynikiem

Twoja historia wyników

Nie rozwiązałeś tego quizu